[Event "LTU-chT"]
[Site "Lithuania"]
[Date "2022.03.11"]
[Round "1.2"]
[White "Sumskis, Rimvydas"]
[Black "Klabis, Rokas"]
[Result "0-1"]
[WhiteElo "1994"]
[BlackElo "2369"]
[PlyCount "74"]
[EventDate "2022.03.11"]
[EventType "team-swiss"]
[EventRounds "7"]
[EventCountry "LTU"]
[SourceTitle "CBM 207 Extra"]
[Source "ChessBase"]
[SourceDate "2022.05.31"]
[SourceVersion "1"]
[SourceVersionDate "2022.05.31"]
[SourceQuality "1"]
[WhiteTeam "Marijampole Suduvos Jaunimas"]
[BlackTeam "Vilnius MRU"]
[WhiteTeamCountry "LTU"]
[BlackTeamCountry "LTU"]

1. b3 e5 2. Bb2 Nc6 3. e3 Nf6 4. Bb5 Bd6 5. Ne2 a6 6. Bxc6 dxc6 7. Ng3 Bg4 8. f3 Be6 9. Nc3 Nd7 10. 0-0 f5 11. f4 0-0 12. Nce2 Qh4 13. Qe1 Rae8 14. Nh1 Qe7 15. Nf2 exf4 16. Nxf4 Nf6 17. Nxe6 Qxe6 18. Nd3 Ne4 19. Rf3 g5 20. Rd1 Qh6 21. Rh3 Qg6 22. Rf3 Qh6 23. Rh3 Qg6 24. Rf3 Re6 25. Qf1 g4 26. Nf4 Qh6 27. Qc4 Rfe8 28. Rff1 b5 29. Qe2 R6e7 30. g3 Ng5 31. Kh1 Re4 32. Qg2 Bxf4 33. gxf4 Nf7 34. Kg1 R4e6 35. Kf2 Qh4+ 36. Ke2 Qe7 37. h3 Rxe3+ 0-1

[Event "Cattolica Vergani Cup"]
[Site "Cattolica"]
[Date "2022.01.03"]
[Round "2"]
[White "Bernadskiy, Vitaliy"]
[Black "Klabis, Rokas"]
[Result "1-0"]
[WhiteElo "2589"]
[BlackElo "2356"]
[PlyCount "61"]
[EventDate "2022.01.02"]
[EventType "swiss"]
[EventRounds "9"]
[EventCountry "ITA"]
[SourceTitle "EXT 2023"]
[Source "ChessBase"]
[SourceDate "2022.10.05"]
[SourceVersion "1"]
[SourceVersionDate "2022.10.05"]
[SourceQuality "1"]

1. e3 Nf6 2. g4 d5 3. g5 Ne4 4. h4 c6 5. d3 Nd6 6. Nc3 e5 7. e4 dxe4 8. dxe4 Be6 9. Bh3 Bxh3 10. Rxh3 Nd7 11. Qg4 Qb6 12. Nf3 Nc4 13. b3 Na3 14. Bxa3 Bxa3 15. Rd1 Qc7 16. Nd2 Nb6 17. Na4 Nxa4 18. bxa4 Be7 19. Nc4 b5 20. axb5 cxb5 21. Ne3 Qa5+ 22. Kf1 0-0 23. Nf5 Bd8 24. h5 Qxa2 25. g6 Bf6 26. Rd6 fxg6 27. hxg6 Qc4+ 28. Kg1 h6 29. Rxh6 gxh6 30. Nxh6+ Kh8 31. Qh5 1-0